Paroles - Mili Mili - Inoxtag - Statistiques

Statistiques générales
  • Ce quiz a été pris 277 fois
  • Le résultat moyen est 178 sur 337
Statistiques - réponses
Paroles % Correct
mili'
94%
(mili'
94%
mili',
94%
mili
94%
(mili
94%
mili,
94%
J'ai
92%
mon
90%
Ce
78%
de
76%
je
76%
Je
76%
ma
76%
par
76%
Inoxtag,
74%
Inoxtag
74%
la
73%
là,
73%
l'a
73%
73%
C'est
72%
c'est
72%
À
71%
à
71%
a
71%
le
69%
Le
69%
pas
68%
pas,
68%
mais
67%
Mais
67%
parti,
67%
parti
67%
kiffe
66%
On
66%
on
66%
ça
65%
sensation
65%
il
64%
Il
64%
comme
63%
Ouais,
63%
ouais,
63%
ouais
63%
(ouais,
63%
ouais)
63%
dit
62%
faire
62%
million
62%
chanter
59%
Si
59%
si
59%
l'important,
55%
m'ont
55%
Ils
54%
les
54%
Les
54%
soir,
54%
ci
52%
vous
51%
Vous
51%
rentré
50%
fait
49%
nananinananana)
49%
Nananinananana
49%
(nananinananana)
49%
peine
49%
en
48%
En
48%
maison
48%
J'sais
47%
kiffer
47%
Des
46%
suis
46%
tu
46%
vois
46%
chanson
45%
(chanson,
45%
chanson)
45%
d'abonnés
45%
l'ai,
45%
l'ai
45%
millions
44%
(nananana)
43%
un
43%
un,
43%
frissons
41%
sommet
41%
enfin
39%
sept
39%
Sur
39%
sur
39%
team
39%
visé
39%
chiffres
38%
et
38%
Et
38%
son
38%
son,
38%
sensationnelles,
37%
sirop
36%
veut,
36%
veut
36%
grâce
35%
remercie
35%
veux,
35%
veux
35%
parle,
34%
porté
34%
j'en
33%
sais
33%
Depuis
32%
lâché
32%
rien
32%
que
31%
Sensations
31%
2013,
30%
vas
30%
ai
29%
J'suis
29%
t'en
29%
peux
28%
J'sirote
27%
rappeler
27%
sache
27%
peut
24%
train
24%
(Himalaya)
22%
sensationelles
22%
y
22%
cravaché
21%
Mercenaire,
21%
assez
19%
qui
15%
d'grenadine
14%
non
14%
qu'on
13%
êtes
12%
merci
12%
merci,
12%
plus
12%
bouton
11%
bouton,
11%
ont
11%
refrain
11%
refrain,
11%
rouge
10%
bleu
9%
déjà
9%
fini
9%
gars,
9%
pouce
9%
tous
9%
tout
8%
Ah
7%
deux
7%
cliqué
6%
écouté
6%
go
6%
musique
6%
Oh
6%
Oh,
6%
pote
6%
Aïe,
5%
aïe,
5%
aïe
5%
aura
5%
autre
5%
boys
5%
cette
5%
ceux
5%
d'avoir
5%
passé
5%
petit
5%
qu'il
5%
tellement
5%
vite
5%
cas,
4%
Mets
4%
peut-être
4%
peut-être,
4%
probablement
4%
trois
4%
envie
3%
réécouter
3%
réécoutes
3%
t'as
3%
T'appuies
2%
dis-moi
1%
Aucun quiz correspondant
Distribution des résultats
% des personnes avec chaque résultat
Percentile par nombre de réponses
Votre historique - résultats
Vous n’avez pas pris ce quiz